Political Science Quiz Stats

 Plays Quiz not verified by Sporcle

Score 0/15 Timer 10:00
0 Plays Today
Term Description % Correct
Plato, The Apology. This kind of person is someone who teaches rhetoric. They teach someone how to win arguments no matter the mora backing. Plato uses this term to describe SocratSophist
50%
From Aquinas. This is equal to the state of war. He explains ___ __ ___ as the way humans act when there is no third neutral party governing them. This understanding of no governmeState of Nature
50%
Aquinas. Has to be pulmugated, established by proper authority, has to be rational according to reason and as to be for the common good. This is described as a human, restraining aLaw
40%
Thomas Hobbes 'Leviathan'. Work was created to explain Hobbes' social contrac theory. Theory states that humans are naturally flawed. Humans agree to government and law in return fLeviathan
40%
Aquinas. To make judgement to help people strive to follow the natural law. Humans live together under human law protected by governments in exchange for securities.Human Law
30%
Aristotle. ______ is activitiy of the soul in accordance with virtue. It is human nature to pursue ______ but humans are able to control themselves because they have the ability toHappiness
30%
Thomas Hobbes 'Leviathan'. Hobbes believes that the only way that government can properly govern the people is to have an absolute monarchy. The ______ ___ would be the right of a Divine Right
30%
Antiphon. The Sophist on Truth. Means law. Men tend to do this when they are in public because they choose to do so.Nomos
20%
Term Description % Correct
Antiphon. The Sophist on Truth. Means nature. Men tend to do this when they are in public.Physis
20%
Aquinas. This term means that everything in nature has a final end and works their whole life to reach it. Aquinas uses the idea to prove his point that there is a god and men are Teleology
20%
Aristotle. A deviant regime is a government that is in favor of the rulers. He believes that a democracy is a type of this. He believes that in this type of system the rulers will Deviant Regime
20%
Thomas Hobbes 'Leviathan'. ______ itself means happiness but Hobbes explains that humans are always in motion to or away from something and therefore humans will never find happineFelicity
20%
Thomas Hobbes 'Leviathan'. This term is defined as the best of both democratic and oligarchic principles. Having political structure that strives for virtues. It is a 'correct regiPolity
20%
Dworkin, 'Law as Integrity'. Dworkin explains that this idea of law that judgment should be based in precedent and then these cases should be justified by showing how they hold theIntegrity
20%
Aristotle. He states that this is the understanding that the government is for the people and tries to direct th community toward happiness. Politics and law are used to lead peoplCorrect Regime
10%

You're not logged in!

Compare scores with friends on all Sporcle quizzes.
OR
Log In

Show Comments

Extras

Top Quizzes Today


Score Distribution

Your Account Isn't Verified!

In order to create a playlist on Sporcle, you need to verify the email address you used during registration. Go to your Sporcle Settings to finish the process.

Report this User

Report this user for behavior that violates our Community Guidelines.

Details: